00807nam a22001937a 450000100060000000300080000600500170001400800410003103500520007204000270012404100080015108200220015924501990018126001090038030000260048965000340051565100400054970000240058935571BD-RjUL20211209052339.0140526s1948 at 000 0 eng d aOCLC ocm17004382 from D970521Ma(BD-RjUL) 35666 aDLCcCLUdBD-RjULbeng aeng a354.94bDEC 194810aDecentralization /cby H.L. Harris [and others] Papers read at the Fourteenth Summer School of the Australian Institute of Political Science held at Armidale, N.S.W., 24th to 26th January, 1948. aSydney :bAngus and Robertson, in conjunction with the Australian Institute of Political Science,c1948. avii, 204 p. ;c19 cm. 0aRegional planningzAustralia. 0aAustraliaxPolitics and government. aHarris, Harold Lark